Are all intelectual components equally efficient for memory achievement?

Bibliographic Details
Main Author: Prokopčáková, Alexandra, 1951- (Author)
Format: Article
Language:English
PhysicalDescription:Grafy 4. Res. slov. rus., lit. 30 zázn. v angl.
Subjects:

MARC

LEADER 00000nab a2200000 a 4500
001 vtls000282033
003 SK-MaSNL
005 20260319074850.0
008 160204c1987 xo 0 eng
015 |a SNBRB19rr/mm-uuuuu 
035 |a CL0292151 
040 |a SNKBUCL  |b slo  |c SNKBUCL  |e AACR2 
041 0 |a eng 
044 |a xo  |c SK 
080 |a 159.953/.7  |2 1981 
100 1 |a Prokopčáková, Alexandra,  |d 1951-  |4 aut  |9 39326 
245 1 0 |a Are all intelectual components equally efficient for memory achievement?  |c Alexandra Prokopčáková0 
300 |b Grafy 4. Res. slov. rus., lit. 30 zázn. v angl. 
650 0 7 |a procesy duševné vyššie  |2 snkbucl  |9 945005 
650 0 7 |a pamäť (psychológia)  |2 snkbucl  |9 945006 
650 0 7 |a pamäť logická  |2 snkbucl  |9 945007 
655 7 |a články z novín a časopisov  |2 snkbucl  |9 267496 
773 0 |t Studia psychologica  |g Roč. 29, č. 1 (1987), s. 49-58 
850 |a Slovenská národná knižnica v Martine  |a MTA001 
852 |a SNK  |b KIS3GCP 
958 |a NB 
958 |a RK 
992 |a RBX 
999 |c 1504560  |d 1506490